000 00899nam a2200253Ia 4500
003 OSt
005 20221005105500.0
006 a|||||r|||| 00| 0
007 ta
008 221004b |||||||| |||| 00| 0 hin d
024 _a56403
037 _cTextual
040 _aCRL
_cCRL
_bhin
041 _2hin
_ahin
082 _aU25, 152N1
100 _aआबिदी, एस ए एच, संपा.
_9623914
245 0 _aसमुद्र विज्ञान की उपलब्धियां
246 _aSamudra vijnyān kī upalabdhiyāan
260 _aनई दिल्ली
_bमहासागर विकास विभाग प्र0 भारत
_c1991
300 _a155पृ0
_ccm.
650 _aभारतीय-भूगोल
942 _hU25, 152N1
_cTEXL
_2cc
999 _c1015967
_d1015967